000 01085nam a2200253Ia 4500
001 194-PAS bl pe (17884)
003 IT-MiSPE
008 171229s9999||||xx |||||||||||||| ||und||
040 _aIT-MiSPE
_cIT-MiSPE
041 _aITALIANO
100 _aBlaise Pascal
245 0 _aPensieri, opuscoli, lettere
250 _a1a ed. (v)
260 _aMilano
_bRusconi
_c1978
300 _a882 p.
_c22 cm
490 _aClassici del pensiero: III. Filosofia moderna
501 _aEdizioni San Paolo srl - Piazza Soncino, 5 - 20092 CINISELLO BALSAMO (MI) (non commercial uses only) ® Copyright 2018
520 _aAdriano Bausola (intr. e note)
700 _aAdriano Bausola
700 _aRemo Tapella
_g(traduzione)
942 _cBK
957 _71
999 _a4278
_bNO
_g Copie: 1
_c337300
_d337300